Countries Most Visited By King Charles III - Statistics

General Stats
  • This quiz has been taken 1,280 times
  • The average score is 4 of 6
Answer Stats
# Continent Country % Correct
8 Europe France
98%
3 North America Canada
97%
6 Europe Ireland
88%
3 Asia Saudi Arabia
42%
3 Asia United Arab Emirates
42%
8 Europe Romania
23%
No matching quizzes found
Score Distribution
Percent of People with Each Score
Percentile by Number Answered
Your Score History
You have not taken this quiz